<?xml version="1.0" encoding="UTF-8"?>
<record
    xmlns:xsi="http://www.w3.org/2001/XMLSchema-instance"
    xsi:schemaLocation="http://www.loc.gov/MARC21/slim http://www.loc.gov/standards/marcxml/schema/MARC21slim.xsd"
    xmlns="http://www.loc.gov/MARC21/slim">

  <leader>00507    a2200169   4500</leader>
  <datafield tag="999" ind1=" " ind2=" ">
    <subfield code="c">26547</subfield>
    <subfield code="d">26547</subfield>
  </datafield>
  <controlfield tag="008">230628b           ||||| |||| 00| 0 eng d</controlfield>
  <datafield tag="020" ind1=" " ind2=" ">
    <subfield code="a">9781908833280</subfield>
    <subfield code="c">GBP109.99</subfield>
  </datafield>
  <datafield tag="041" ind1="0" ind2=" ">
    <subfield code="a">eng</subfield>
  </datafield>
  <datafield tag="082" ind1="0" ind2="0">
    <subfield code="a">387.51</subfield>
    <subfield code="b">I17</subfield>
  </datafield>
  <datafield tag="110" ind1=" " ind2=" ">
    <subfield code="9">2796</subfield>
    <subfield code="a">Institute of Chartered Shipbrokers</subfield>
  </datafield>
  <datafield tag="245" ind1=" " ind2=" ">
    <subfield code="a">Shipping Finance /</subfield>
  </datafield>
  <datafield tag="250" ind1=" " ind2=" ">
    <subfield code="a">2021 edition.</subfield>
  </datafield>
  <datafield tag="260" ind1=" " ind2=" ">
    <subfield code="a">London :</subfield>
    <subfield code="b">Institute of Chartered Shipbrokers,</subfield>
    <subfield code="c">2021.</subfield>
  </datafield>
  <datafield tag="300" ind1=" " ind2=" ">
    <subfield code="a">vi, 122 p. :</subfield>
    <subfield code="b">illustrations (color) ;</subfield>
    <subfield code="c">25 cm.</subfield>
  </datafield>
  <datafield tag="650" ind1=" " ind2="0">
    <subfield code="a">Shipping Finance</subfield>
  </datafield>
  <datafield tag="942" ind1=" " ind2=" ">
    <subfield code="2">ddc</subfield>
    <subfield code="c">BK</subfield>
  </datafield>
  <datafield tag="952" ind1=" " ind2=" ">
    <subfield code="0">0</subfield>
    <subfield code="1">0</subfield>
    <subfield code="2">ddc</subfield>
    <subfield code="4">0</subfield>
    <subfield code="6">387_510000000000000_I17</subfield>
    <subfield code="7">0</subfield>
    <subfield code="9">51074</subfield>
    <subfield code="a">CL</subfield>
    <subfield code="b">CL</subfield>
    <subfield code="c">REF</subfield>
    <subfield code="d">2023-06-28</subfield>
    <subfield code="e">5</subfield>
    <subfield code="g">10008.90</subfield>
    <subfield code="o">387.51 I17</subfield>
    <subfield code="p">14217</subfield>
    <subfield code="r">2023-06-28</subfield>
    <subfield code="v">11121.00</subfield>
    <subfield code="y">BK</subfield>
  </datafield>
  <datafield tag="952" ind1=" " ind2=" ">
    <subfield code="0">0</subfield>
    <subfield code="1">0</subfield>
    <subfield code="2">ddc</subfield>
    <subfield code="4">0</subfield>
    <subfield code="6">387_510000000000000_I17</subfield>
    <subfield code="7">0</subfield>
    <subfield code="9">51075</subfield>
    <subfield code="a">CL</subfield>
    <subfield code="b">CL</subfield>
    <subfield code="d">2023-06-28</subfield>
    <subfield code="e">5</subfield>
    <subfield code="g">10008.90</subfield>
    <subfield code="o">387.51 I17</subfield>
    <subfield code="p">14218</subfield>
    <subfield code="r">2023-06-28</subfield>
    <subfield code="v">11121.00</subfield>
    <subfield code="y">BK</subfield>
  </datafield>
  <datafield tag="952" ind1=" " ind2=" ">
    <subfield code="0">0</subfield>
    <subfield code="1">0</subfield>
    <subfield code="2">ddc</subfield>
    <subfield code="4">0</subfield>
    <subfield code="6">387_510000000000000_I17</subfield>
    <subfield code="7">0</subfield>
    <subfield code="9">51076</subfield>
    <subfield code="a">CL</subfield>
    <subfield code="b">CL</subfield>
    <subfield code="d">2023-06-28</subfield>
    <subfield code="e">5</subfield>
    <subfield code="g">10008.90</subfield>
    <subfield code="o">387.51 I17</subfield>
    <subfield code="p">14219</subfield>
    <subfield code="r">2023-06-28</subfield>
    <subfield code="v">11121.00</subfield>
    <subfield code="y">BK</subfield>
  </datafield>
</record>
